Statistics for Cities by Airport Code - Europe Edition

Click here to take the quiz!

General Stats

  • This quiz has been taken 27 times
  • The average score is 13 of 14

Answer Stats

CodeCity% Correct
AMSAmsterdam
100%
ATHAthens
100%
BRUBrussels
100%
LISLisbon
100%
MADMadrid
100%
BCNBarcelona
96%
CPHCopenhagen
92%
LHRLondon
92%
FCORome
92%
CDGParis
88%
SXFBerlin
85%
MXPMilan
69%
DMEMoscow
69%
ARNStockholm
65%

Score Distribution

Percentile by Number Answered

Percent of People with Each Score

Your Score History

You have not taken this quiz